| 000 | 00565 a2200169 4500 | ||
|---|---|---|---|
| 020 | _a0471976318 (alk. paper) | ||
| 040 |
_aDLC _bDLC |
||
| 100 | 1 | _aLynn, Paul A. | |
| 245 | 1 | 0 |
_aIntroductory digital signal processing with computer applications _cPaul A. Lynn, Wolfgang Fuerst. |
| 250 | _a2nd ed. | ||
| 260 |
_aNew York : _bJohn Wiley, _c1997. |
||
| 300 |
_a479 p. : _bill. |
||
| 650 | 0 |
_aSignal processing _xDigital techniques. |
|
| 650 | 0 |
_aSignal processing _xDigital techniques _xComputer programs. |
|
| 700 | 1 | _aFuerst, Wolfgang. | |
| 942 |
_cBK _k621.382 LYN _2ddc |
||
| 999 |
_c8161 _d8161 |
||